Types of Minecraft Dirt - Statistics

General Stats
  • This quiz has been taken 18 times
  • The average score is 6 of 8
Answer Stats
Answer % Correct
Dirt
100%
Grass
93%
Coarse Dirt
80%
Podzol
67%
Rooted Dirt
67%
Farmland
60%
Mycelium
53%
Path
47%
No matching quizzes found
Score Distribution
Percent of People with Each Score
Percentile by Number Answered
Your Score History
You have not taken this quiz